000
00344nam a2200121Ia 4500
008
231129s9999||||xx |||||||||||||| ||spa||
020
_a
958-9393-54-3
082
_a
R 747.88 M798j
100
_a
Montoya Juan
245
0
_a
Juan Montoya
264
_a
Bogotá Colombia : Villegas editores
942
_2
ddc
_c
BKS
999
_c
16189
_d
16189